Civil-military relations in today's China swimming in a new sea
Saved in:
| Other Authors: | , |
|---|---|
| Format: | Book |
| Language: | English |
| Published: |
New Delhi, India
Pentagon
2009
|
| Edition: | 1st Indian ed. |
| Subjects: | |
| Tags: |
Add Tag
No Tags, Be the first to tag this record!
|
| Call Number : | JQ 1506.C58 C585 2009 |
MARC
| LEADER | 00000nam a2200000 a 4500 | ||
|---|---|---|---|
| 001 | 40711 | ||
| 003 | MY-KLNDU | ||
| 005 | 20241219003400.0 | ||
| 008 | 101030 2009 ii a bi 000 0 eng d | ||
| 020 | |a 9788182744349 | ||
| 039 | 9 | |a 201202281228 |b azraai |y 201010301105 |z helmey | |
| 040 | |a UPNM | ||
| 090 | |a JQ 1506.C58 |b C585 2009 | ||
| 245 | 0 | 0 | |a Civil-military relations in today's China |b swimming in a new sea |c editors, David M. Finkelstein and Kristen Gunness |
| 250 | |a 1st Indian ed. | ||
| 260 | |a New Delhi, India |b Pentagon |c 2009 | ||
| 300 | |a xviii, 326 p. |b ill. |c 24 cm. | ||
| 504 | |a Includes bibliographical references and index | ||
| 592 | |a 00002884 |b 10/10/11 |c RM181.54 |h PDW | ||
| 650 | 0 | |a Civil-military relations |z China | |
| 650 | 0 | |a Social change |z China | |
| 700 | 1 | |a Finkelstein, David M. | |
| 700 | 1 | |a Gunness, Kristen | |
| 999 | |a vtls000041436 |c 40711 |d 40711 | ||


